<?xml version="1.0" encoding="UTF-8"?><record xmlns="http://www.loc.gov/MARC21/slim" xmlns:zs="http://docs.oasis-open.org/ns/search-ws/sruResponse">
  <leader>02502ctm a2200409 a 4500</leader>
  <controlfield tag="001">2364731</controlfield>
  <controlfield tag="008">840717q13901399xx            000 0 spa  </controlfield>
  <controlfield tag="005">20260430145521.0</controlfield>
  <datafield ind1=" " ind2=" " tag="010">
    <subfield code="a">   83461371 </subfield>
  </datafield>
  <datafield ind1=" " ind2=" " tag="040">
    <subfield code="a">DLC</subfield>
    <subfield code="c">DLC</subfield>
    <subfield code="d">DLC</subfield>
  </datafield>
  <datafield ind1=" " ind2=" " tag="043">
    <subfield code="a">e-sp---</subfield>
  </datafield>
  <datafield ind1="0" ind2="0" tag="050">
    <subfield code="a">LAW</subfield>
  </datafield>
  <datafield ind1="0" ind2="0" tag="082">
    <subfield code="a">348.46/3022</subfield>
    <subfield code="a">344.630822</subfield>
    <subfield code="2">19</subfield>
  </datafield>
  <datafield ind1="1" ind2=" " tag="110">
    <subfield code="a">Castile (Kingdom).</subfield>
  </datafield>
  <datafield ind1="1" ind2="0" tag="240">
    <subfield code="a">Ordenamiento de Alcalá</subfield>
  </datafield>
  <datafield ind1="1" ind2="0" tag="245">
    <subfield code="a">Libro del ordenamjento real q[ue] el muy alto rrey don Alfon[so] por la gra[cia] de Dios Rey de Castilla fizo en Alcala de Henares ...</subfield>
  </datafield>
  <datafield ind1=" " ind2=" " tag="260">
    <subfield code="c">139-?</subfield>
  </datafield>
  <datafield ind1=" " ind2=" " tag="300">
    <subfield code="a">[6], 113 [i.e. 114], [2] leaves (2 columns, 24-31 lines), bound ;</subfield>
    <subfield code="c">31 cm. (fol.)</subfield>
  </datafield>
  <datafield ind1=" " ind2=" " tag="336">
    <subfield code="a">text</subfield>
    <subfield code="b">txt</subfield>
    <subfield code="2">rdacontent</subfield>
  </datafield>
  <datafield ind1=" " ind2=" " tag="337">
    <subfield code="a">unmediated</subfield>
    <subfield code="b">n</subfield>
    <subfield code="2">rdamedia</subfield>
  </datafield>
  <datafield ind1=" " ind2=" " tag="338">
    <subfield code="a">volume</subfield>
    <subfield code="b">nc</subfield>
    <subfield code="2">rdacarrier</subfield>
  </datafield>
  <datafield ind1=" " ind2=" " tag="500">
    <subfield code="a">Ms.</subfield>
  </datafield>
  <datafield ind1=" " ind2=" " tag="500">
    <subfield code="a">Title from caption on leaf 1a.</subfield>
  </datafield>
  <datafield ind1=" " ind2=" " tag="500">
    <subfield code="a">The Ordenamiento de Alcalá ends on leaf 51a, followed by several laws of Enrique II; other major sections contain: Leyes de la Margarita (54a-70b, an anon. manual of canonico-civil procedure), Libro de las sumas e de los dichos de Maestro Jacobo (71b-90a = his Flores de derecho), Leyes del fuero et preuillejo of Córdoba (93a-99b, Spanish  translation of the Latin version), and the Ordenamiento(s) de Briviesca of Juan I (leaves 101a-112b)</subfield>
  </datafield>
  <datafield ind1=" " ind2=" " tag="500">
    <subfield code="a">Written for Iohan G(omez?), contador of the king and councilman of Córdoba. In "albalá" script, by at least two scribes; some later additions in "cortesan." Rubricated. Calligraphic initials in blue or red, with penwork in red or faint brown. Limp-vellum binding (16th cent.?)</subfield>
  </datafield>
  <datafield ind1=" " ind2=" " tag="500">
    <subfield code="a">Signatures (with catchwords at end of most): A⁶ [1-8]¹² [9]²⁰ ([8]₈ blank; [9]₇,₈ both numbered "103")</subfield>
  </datafield>
  <datafield ind1=" " ind2=" " tag="500">
    <subfield code="a">Provenance: Sir Thomas Phillipps, MS 9004. Cf. Monumenta cod. manuscriptorum (H.P. Kraus, 1974)</subfield>
  </datafield>
  <datafield ind1=" " ind2="0" tag="650">
    <subfield code="a">Law</subfield>
    <subfield code="z">Spain</subfield>
    <subfield code="z">Castile.</subfield>
  </datafield>
  <datafield ind1="0" ind2=" " tag="700">
    <subfield code="a">Jacobo,</subfield>
    <subfield code="c">de las Leyes,</subfield>
    <subfield code="d">-1294.</subfield>
    <subfield code="t">Flores de derecho.</subfield>
  </datafield>
  <datafield ind1="0" ind2=" " tag="730">
    <subfield code="a">Córdoba (Spain).</subfield>
    <subfield code="p">Fuero (Latin version).</subfield>
    <subfield code="l">Spanish.</subfield>
    <subfield code="f">139-?</subfield>
  </datafield>
  <datafield ind1="4" ind2="0" tag="856">
    <subfield code="u">https://hdl.loc.gov/loc.law/llmedmss.83461371</subfield>
    <subfield code="y">View online content for this title.</subfield>
  </datafield>
  <datafield ind1=" " ind2=" " tag="906">
    <subfield code="a">7</subfield>
    <subfield code="b">cbc</subfield>
    <subfield code="c">orignew</subfield>
    <subfield code="d">1</subfield>
    <subfield code="e">ncip</subfield>
    <subfield code="f">19</subfield>
    <subfield code="g">y-gencatlg</subfield>
  </datafield>
  <datafield ind1=" " ind2=" " tag="952">
    <subfield code="a">Editions of the Ordenamiento de Alcalá cataloged according to earlier rules are under: Castile. Laws, statutes, etc., 1312-1350 (Alfonso XI).</subfield>
  </datafield>
  <datafield ind1=" " ind2=" " tag="952">
    <subfield code="a">"Gomez" in colophon doubtful.</subfield>
  </datafield>
  <datafield ind1=" " ind2=" " tag="955">
    <subfield code="a">LCAP batch update 2025-06-02-04:00: LCAPM-644</subfield>
  </datafield>
  <datafield ind1=" " ind2=" " tag="985">
    <subfield code="a">ll/llmedmss</subfield>
  </datafield>
  <datafield ind1=" " ind2=" " tag="991">
    <subfield code="b">c-LL</subfield>
    <subfield code="h">LAW SPAIN CASTILE 2 139- LL RBR</subfield>
    <subfield code="t">Copy 1</subfield>
    <subfield code="w">BOOKS</subfield>
  </datafield>
</record>
